000 00290nam a2200145Ia 4500
100 _a#N/A
650 _aComputer/ IT
250 _a2 nd
942 _cBK
654 _amicrosoft
245 _aSQL
260 _b#N/A
_c2003
082 _a005.133'sql' / GRO / WEI
_b18177
546 _aENGLISH
999 _c35110
_d35110